<?xml version="1.0" encoding="UTF-8"?>
<record
    xmlns:xsi="http://www.w3.org/2001/XMLSchema-instance"
    xsi:schemaLocation="http://www.loc.gov/MARC21/slim http://www.loc.gov/standards/marcxml/schema/MARC21slim.xsd"
    xmlns="http://www.loc.gov/MARC21/slim">

  <leader>00532nam a22001937a 4500</leader>
  <controlfield tag="003">OSt</controlfield>
  <controlfield tag="005">20240327115309.0</controlfield>
  <controlfield tag="008">180213b        xxu||||| |||| 00| 0 eng d</controlfield>
  <datafield tag="020" ind1=" " ind2=" ">
    <subfield code="a">NA</subfield>
  </datafield>
  <datafield tag="040" ind1=" " ind2=" ">
    <subfield code="c">SEROSOFT</subfield>
  </datafield>
  <datafield tag="082" ind1=" " ind2=" ">
    <subfield code="2">2ND ED.</subfield>
    <subfield code="a">621.30221</subfield>
  </datafield>
  <datafield tag="100" ind1=" " ind2=" ">
    <subfield code="a">SINGH S.</subfield>
  </datafield>
  <datafield tag="245" ind1=" " ind2=" ">
    <subfield code="a">ELECTRICAL ENGINEERING DRAWING II</subfield>
    <subfield code="c">AUTHOR</subfield>
    <subfield code="h">ENGLISH</subfield>
  </datafield>
  <datafield tag="250" ind1=" " ind2=" ">
    <subfield code="a">2ND. ED.</subfield>
    <subfield code="b">PAPERBACK.</subfield>
  </datafield>
  <datafield tag="260" ind1=" " ind2=" ">
    <subfield code="a">DELHI</subfield>
    <subfield code="b">KATARIA.</subfield>
    <subfield code="c">2017</subfield>
  </datafield>
  <datafield tag="300" ind1=" " ind2=" ">
    <subfield code="b">2ND ED. 274 PP.</subfield>
    <subfield code="e">PAPERBACK.</subfield>
  </datafield>
  <datafield tag="856" ind1=" " ind2=" ">
    <subfield code="3">PAPERBACK</subfield>
  </datafield>
  <datafield tag="942" ind1=" " ind2=" ">
    <subfield code="2">ddc</subfield>
    <subfield code="c">02</subfield>
    <subfield code="e">2ND.ED.</subfield>
    <subfield code="h">TITLE</subfield>
    <subfield code="k">621.30221</subfield>
    <subfield code="m">SIN</subfield>
  </datafield>
  <datafield tag="999" ind1=" " ind2=" ">
    <subfield code="c">41013</subfield>
    <subfield code="d">41013</subfield>
  </datafield>
  <datafield tag="952" ind1=" " ind2=" ">
    <subfield code="0">0</subfield>
    <subfield code="1">0</subfield>
    <subfield code="2">ddc</subfield>
    <subfield code="3">PAPERBACK.</subfield>
    <subfield code="4">0</subfield>
    <subfield code="7">0</subfield>
    <subfield code="a">01</subfield>
    <subfield code="b">01</subfield>
    <subfield code="d">2018-02-13</subfield>
    <subfield code="e">BHARAT BOOKS DITRIBUTORS</subfield>
    <subfield code="g">195.00</subfield>
    <subfield code="i">399 DATED 12/02/2018</subfield>
    <subfield code="l">3</subfield>
    <subfield code="o">621.30221 SIN</subfield>
    <subfield code="p">01-B-126094</subfield>
    <subfield code="r">2020-09-16</subfield>
    <subfield code="s">2020-02-18</subfield>
    <subfield code="u">ELECTRICAL ENGINEERING</subfield>
    <subfield code="v">195.00</subfield>
    <subfield code="w">2018-02-12</subfield>
    <subfield code="y">02</subfield>
    <subfield code="z"> </subfield>
  </datafield>
  <datafield tag="952" ind1=" " ind2=" ">
    <subfield code="0">0</subfield>
    <subfield code="1">0</subfield>
    <subfield code="2">ddc</subfield>
    <subfield code="3">PAPERBACK.</subfield>
    <subfield code="4">0</subfield>
    <subfield code="7">0</subfield>
    <subfield code="a">01</subfield>
    <subfield code="b">01</subfield>
    <subfield code="d">2018-02-13</subfield>
    <subfield code="e">BHARAT BOOKS DITRIBUTORS</subfield>
    <subfield code="g">195.00</subfield>
    <subfield code="i">399 DATED 12/02/2018</subfield>
    <subfield code="l">5</subfield>
    <subfield code="o">621.30221 SIN</subfield>
    <subfield code="p">01-B-126095</subfield>
    <subfield code="r">2023-06-19</subfield>
    <subfield code="s">2023-05-23</subfield>
    <subfield code="u">ELECTRICAL ENGINEERING</subfield>
    <subfield code="v">195.00</subfield>
    <subfield code="w">2018-02-12</subfield>
    <subfield code="y">02</subfield>
    <subfield code="z"> </subfield>
  </datafield>
  <datafield tag="952" ind1=" " ind2=" ">
    <subfield code="0">0</subfield>
    <subfield code="1">0</subfield>
    <subfield code="2">ddc</subfield>
    <subfield code="3">PAPERBACK.</subfield>
    <subfield code="4">0</subfield>
    <subfield code="7">0</subfield>
    <subfield code="a">01</subfield>
    <subfield code="b">01</subfield>
    <subfield code="d">2018-02-13</subfield>
    <subfield code="e">BHARAT BOOKS DITRIBUTORS</subfield>
    <subfield code="g">195.00</subfield>
    <subfield code="i">399 DATED 12/02/2018</subfield>
    <subfield code="l">4</subfield>
    <subfield code="o">621.30221 SIN</subfield>
    <subfield code="p">01-B-126096</subfield>
    <subfield code="r">2022-04-05</subfield>
    <subfield code="s">2022-03-26</subfield>
    <subfield code="u">ELECTRICAL ENGINEERING</subfield>
    <subfield code="v">195.00</subfield>
    <subfield code="w">2018-02-12</subfield>
    <subfield code="y">02</subfield>
    <subfield code="z"> </subfield>
  </datafield>
  <datafield tag="952" ind1=" " ind2=" ">
    <subfield code="0">0</subfield>
    <subfield code="1">0</subfield>
    <subfield code="2">ddc</subfield>
    <subfield code="3">PAPERBACK.</subfield>
    <subfield code="4">0</subfield>
    <subfield code="7">0</subfield>
    <subfield code="a">01</subfield>
    <subfield code="b">01</subfield>
    <subfield code="d">2018-02-13</subfield>
    <subfield code="e">BHARAT BOOKS DITRIBUTORS</subfield>
    <subfield code="g">195.00</subfield>
    <subfield code="i">399 DATED 12/02/2018</subfield>
    <subfield code="l">3</subfield>
    <subfield code="o">621.30221 SIN</subfield>
    <subfield code="p">01-B-126097</subfield>
    <subfield code="r">2020-09-18</subfield>
    <subfield code="s">2020-02-14</subfield>
    <subfield code="u">ELECTRICAL ENGINEERING</subfield>
    <subfield code="v">195.00</subfield>
    <subfield code="w">2018-02-12</subfield>
    <subfield code="y">02</subfield>
    <subfield code="z"> </subfield>
  </datafield>
  <datafield tag="952" ind1=" " ind2=" ">
    <subfield code="0">0</subfield>
    <subfield code="1">0</subfield>
    <subfield code="2">ddc</subfield>
    <subfield code="3">PAPERBACK.</subfield>
    <subfield code="4">0</subfield>
    <subfield code="7">0</subfield>
    <subfield code="a">01</subfield>
    <subfield code="b">01</subfield>
    <subfield code="d">2018-02-13</subfield>
    <subfield code="e">BHARAT BOOKS DITRIBUTORS</subfield>
    <subfield code="g">195.00</subfield>
    <subfield code="i">399 DATED 12/02/2018</subfield>
    <subfield code="l">5</subfield>
    <subfield code="o">621.30221 SIN</subfield>
    <subfield code="p">01-B-126098</subfield>
    <subfield code="r">2021-07-22</subfield>
    <subfield code="s">2021-04-09</subfield>
    <subfield code="u">ELECTRICAL ENGINEERING</subfield>
    <subfield code="v">195.00</subfield>
    <subfield code="w">2018-02-12</subfield>
    <subfield code="y">02</subfield>
    <subfield code="z"> </subfield>
  </datafield>
  <datafield tag="952" ind1=" " ind2=" ">
    <subfield code="0">0</subfield>
    <subfield code="1">0</subfield>
    <subfield code="2">ddc</subfield>
    <subfield code="3">PAPERBACK.</subfield>
    <subfield code="4">0</subfield>
    <subfield code="7">0</subfield>
    <subfield code="a">01</subfield>
    <subfield code="b">01</subfield>
    <subfield code="d">2018-02-13</subfield>
    <subfield code="e">BHARAT BOOKS DITRIBUTORS</subfield>
    <subfield code="g">195.00</subfield>
    <subfield code="i">399 DATED 12/02/2018</subfield>
    <subfield code="l">3</subfield>
    <subfield code="o">621.30221 SIN</subfield>
    <subfield code="p">01-B-126099</subfield>
    <subfield code="r">2020-09-15</subfield>
    <subfield code="s">2020-02-17</subfield>
    <subfield code="u">ELECTRICAL ENGINEERING</subfield>
    <subfield code="v">195.00</subfield>
    <subfield code="w">2018-02-12</subfield>
    <subfield code="y">02</subfield>
    <subfield code="z"> </subfield>
  </datafield>
  <datafield tag="952" ind1=" " ind2=" ">
    <subfield code="0">0</subfield>
    <subfield code="1">0</subfield>
    <subfield code="2">ddc</subfield>
    <subfield code="3">PAPERBACK.</subfield>
    <subfield code="4">0</subfield>
    <subfield code="7">0</subfield>
    <subfield code="a">01</subfield>
    <subfield code="b">01</subfield>
    <subfield code="d">2018-02-13</subfield>
    <subfield code="e">BHARAT BOOKS DITRIBUTORS</subfield>
    <subfield code="g">195.00</subfield>
    <subfield code="i">399 DATED 12/02/2018</subfield>
    <subfield code="l">5</subfield>
    <subfield code="o">621.30221 SIN</subfield>
    <subfield code="p">01-B-126100</subfield>
    <subfield code="r">2021-07-24</subfield>
    <subfield code="s">2021-02-05</subfield>
    <subfield code="u">ELECTRICAL ENGINEERING</subfield>
    <subfield code="v">195.00</subfield>
    <subfield code="w">2018-02-12</subfield>
    <subfield code="y">02</subfield>
    <subfield code="z"> </subfield>
  </datafield>
  <datafield tag="952" ind1=" " ind2=" ">
    <subfield code="0">0</subfield>
    <subfield code="1">0</subfield>
    <subfield code="2">ddc</subfield>
    <subfield code="3">PAPERBACK.</subfield>
    <subfield code="4">0</subfield>
    <subfield code="7">0</subfield>
    <subfield code="a">01</subfield>
    <subfield code="b">01</subfield>
    <subfield code="d">2018-02-13</subfield>
    <subfield code="e">BHARAT BOOKS DITRIBUTORS</subfield>
    <subfield code="g">195.00</subfield>
    <subfield code="i">399 DATED 12/02/2018</subfield>
    <subfield code="l">3</subfield>
    <subfield code="o">621.30221 SIN</subfield>
    <subfield code="p">01-B-126101</subfield>
    <subfield code="r">2020-09-18</subfield>
    <subfield code="s">2020-02-14</subfield>
    <subfield code="u">ELECTRICAL ENGINEERING</subfield>
    <subfield code="v">195.00</subfield>
    <subfield code="w">2018-02-12</subfield>
    <subfield code="y">02</subfield>
    <subfield code="z"> </subfield>
  </datafield>
  <datafield tag="952" ind1=" " ind2=" ">
    <subfield code="0">0</subfield>
    <subfield code="1">0</subfield>
    <subfield code="2">ddc</subfield>
    <subfield code="3">PAPERBACK.</subfield>
    <subfield code="4">0</subfield>
    <subfield code="7">0</subfield>
    <subfield code="a">01</subfield>
    <subfield code="b">01</subfield>
    <subfield code="d">2018-02-13</subfield>
    <subfield code="e">BHARAT BOOKS DITRIBUTORS</subfield>
    <subfield code="g">195.00</subfield>
    <subfield code="i">399 DATED 12/02/2018</subfield>
    <subfield code="l">3</subfield>
    <subfield code="o">621.30221 SIN</subfield>
    <subfield code="p">01-B-126102</subfield>
    <subfield code="r">2020-11-20</subfield>
    <subfield code="s">2020-02-04</subfield>
    <subfield code="u">ELECTRICAL ENGINEERING</subfield>
    <subfield code="v">195.00</subfield>
    <subfield code="w">2018-02-12</subfield>
    <subfield code="y">02</subfield>
    <subfield code="z"> </subfield>
  </datafield>
</record>
